LEADER 01404nam a2200253 i 4500 001 000000139527 003 CaOOAMICUS 005 20241030123035.0 008 050525s1952 it u000 u mul u 040 $aSeMil$bita 110 2 $aFondazione Centro italiano di studi sull'Alto Medioevo .$0(OLS)http://semarc/name/199 245 10$aAtti del 1. congresso internazionale di studi longobardi :$bSpoleto, 27-30 settembre 1951 /$cCentro italiano di studi sull'Alto Medioevo, Spoleto. 250 $aRistampa anastatica. 264 1$aIn Spoleto :$bPresso l'Accademia Spoletina,$c1952. 300 $a538 p., [31] carte di tav. :$bill. ;$c25 cm 490 1 $aAtti dei congressi / Centro italiano di studi sull'Alto Medioevo ;$v1 650 4$aLongobardi.$0(OLS)http://semarc/subject/1802 711 2 $aCongresso internazionale di studi longobardi <1. ; 1951 ; Spoleto>.$0(OLS)http://semarc/name/56323 830 0$aAtti dei congressi / Centro italiano di studi sull'Alto Medioevo ;$v1.$0(OLS)http://semarc/title/307 850 $aSeMil 852 $aSeMil$W1$xVenegono$y1$m3TA C 1$j251941$B92935$CSeMilBibl$Z2$F98206 $81 996 $6245$aAtti del 1. congresso internazionale di studi longobardi :$bSpoleto, 27-30 settembre 1951$9(OLS)http://semarc/title/203851 996 $6264$aIn Spoleto :$bPresso l'Accademia Spoletina$9(OLS)http://semarc/publisher/47236 LEADER 01053nam a2200241 i 4500 001 000000123492 003 CaOOAMICUS 005 20260324141246.0 008 040226s1969 it u000 u ita u 040 $aSeMil$bita 240 00$aBibeltheologisches Wörterbuch.$0(OLS)http://semarc/title/181642 245 00$aDizionario di teologia biblica /$cdiretto da Johannes Bauer. 250 $a2. ed. italiana / a cura di Luigi Ballarini 260 $aBrescia :$bMorcelliana,$c1969. 300 $aXIV, 1595 p. ;$c21 cm. 650 4$aTeologia biblica - Enciclopedie e dizionari.$0(OLS)http://semarc/subject/990 700 1 $aBallarini, Luigi.$0(OLS)http://semarc/name/18924 700 1 $aBauer, Johannes Baptist,$d<1927- >.$0(OLS)http://semarc/name/17935 850 $aSeMil 852 $aSeMil$W1$xVenegono$y1$m2VV I 1$j268934$B78214$CSeMilBibl$Z2$F80418 $81 996 $6245$aDizionario di teologia biblica$9(OLS)http://semarc/title/181658 996 $6260$aBrescia :$bMorcelliana$9(OLS)http://semarc/publisher/29629